000 01295nam a22001697a 4500
999 _c63889
_d63889
003 Ge_BSU
005 20260212135742.0
008 260212s1970 ge ||||| |||| 00| 0 geo d
041 _ageo
080 _a338.24.021.8(47+57) ე-49
245 _aეკონომიური რეფორმა მეურნეობის წარმართვის ლენინური პრინციპების შემოქმედებითი განხორციელებაა :
_b[სტატიების კრებული]. პარტიულ სწავლების უმაღლესი რგოლის პროპაგანდისტთა და მსმენელთა დასახმარებლად /
_c საქ. კპ ცკ-ისა და თბილ. კომ-ტის პოლიტიკ. განათლ. რესპ. სახლი.
264 _aთბ. :
_bსაქ. კპ ცკ-ის გამ-ბა,
_c1970.
300 _a193გვ. ;
_b20სმ.
504 _aბიბლიოგრ. თითოეული სტატიის შემდეგ.
653 _aეკონომიკური რეფორმა სსრ კავშირში.
942 _2udc
_cᲬᲘᲒᲜᲘ